[Event "NAYCC U12"]
[Site "Windsor CAN"]
[Date "2016.08.10"]
[Round "7.111"]
[White "Dong, Leo"]
[Black "Damarla, Rishi"]
[Result "0-1"]
[WhiteElo "784"]
[BlackElo "1065"]
[PlyCount "64"]
[EventDate "2016.08.07"]
[EventType "swiss"]
[EventRounds "9"]
[EventCountry "CAN"]

1. d4 d5 2. c4 e6 3. Nf3 Nf6 4. g3 Be7 5. Bg2 O-O 6. b3 Nc6 7. Bb2 Bd7 8. Nc3
Re8 9. O-O Bf8 10. Re1 Qe7 11. e4 dxe4 12. Nxe4 Nxe4 13. Rxe4 Qd8 14. Qd2 Ne7
15. Qd3 Ng6 16. Ne5 Nxe5 17. Rxe5 Rb8 18. Be4 g6 19. d5 Bg7 20. Qd4 f6 21. Rg5
e5 22. Rxe5 fxe5 23. Qxa7 b6 24. d6 cxd6 25. Qa3 Qe7 26. b4 Rf8 27. Qc3 Qf6 28.
Bd5+ Kh8 29. Qe3 Be6 30. f4 Bxd5 31. cxd5 exf4 32. Qc1 Qxb2 0-1

[Event "NAYCC U12"]
[Site "Windsor CAN"]
[Date "2016.08.10"]
[Round "7.113"]
[White "Renard, Christopher"]
[Black "Liu, Bowser"]
[Result "1/2-1/2"]
[WhiteElo "799"]
[BlackElo "895"]
[PlyCount "120"]
[EventDate "2016.08.07"]
[EventType "swiss"]
[EventRounds "9"]
[EventCountry "CAN"]

1. e4 e6 2. Nc3 d5 3. e5 c5 4. d4 Nc6 5. Nf3 Bd7 6. Be3 Qb6 7. Rb1 Nh6 8. Na4
Qa5+ 9. Nc3 Nf5 10. dxc5 Nxe3 11. fxe3 Bxc5 12. Qd2 Ne7 13. a3 Qb6 14. b4 Bxe3
15. Qd3 Bf2+ 16. Kd1 Qc7 17. Be2 Bb6 18. Rf1 h6 19. a4 a5 20. Nb5 Bxb5 21.
Qxb5+ Qc6 22. Qxc6+ bxc6 23. bxa5 Bxa5 24. c4 O-O 25. cxd5 Nxd5 26. Nd4 Nc3+
27. Kc2 Nxb1 28. Kxb1 Rab8+ 29. Kc2 Rfd8 30. Nxc6 Rdc8 31. Bb5 Rc7 32. Kb3 Rxc6
33. Ka3 Rc3+ 34. Kb2 Rbc8 35. Rf2 Bb6 36. Rd2 Be3 37. Re2 Bc1+ 38. Ka1 Rc2 39.
Rxc2 Rxc2 40. Kb1 Rc7 41. a5 Bd2 42. a6 Be3 43. Kb2 Kf8 44. Kb3 Rd7 45. Bxd7
Ke7 46. Bb5 Kd8 47. Kc4 Kc7 48. Be8 f6 49. exf6 gxf6 50. Bf7 e5 51. Kd5 Kb6 52.
Ke6 Bg5 53. g3 Kxa6 54. h4 Be3 55. Kxf6 Bd4 56. Kg6 Be3 57. Kf5 Kb6 58. Bd5 Kc5
59. Ke4 Bc1 60. Kxe5 Bd2 1/2-1/2

[Event "NAYCC U12"]
[Site "Windsor CAN"]
[Date "2016.08.10"]
[Round "7.114"]
[White "Zaid, Daniyal"]
[Black "Kapoor, Arjun"]
[Result "1/2-1/2"]
[WhiteElo "714"]
[BlackElo "590"]
[PlyCount "77"]
[EventDate "2016.08.07"]
[EventType "swiss"]
[EventRounds "9"]
[EventCountry "CAN"]

1. e4 e5 2. Nf3 d6 3. Nc3 Nc6 4. Bb5 Bg4 5. h3 Be6 6. d3 Nge7 7. O-O g6 8. d4
Bg7 9. d5 Bd7 10. dxc6 bxc6 11. Be2 c5 12. Bc4 O-O 13. Bd2 Nc6 14. Qc1 Nd4 15.
Nxd4 cxd4 16. Ne2 c6 17. Bh6 Bxh6 18. Qxh6 Qb6 19. Rab1 Qc5 20. b3 d5 21. exd5
cxd5 22. Bd3 e4 23. Qd2 exd3 24. Qxd3 Bb5 25. Qd2 Rfe8 26. Nxd4 Bxf1 27. Rxf1
Re4 28. c3 Qa3 29. Nb5 Qe7 30. Qxd5 Re1 31. Rxe1 Qxe1+ 32. Kh2 Qxf2 33. a4 Qf4+
34. Kg1 Re8 35. Qd1 Qg3 36. Kf1 Qf4+ 37. Qf3 Qc1+ 38. Kf2 Qb2+ 39. Kg3 1/2-1/2

[Event "NAYCC U12"]
[Site "Windsor CAN"]
[Date "2016.08.11"]
[Round "8.90"]
[White "Wang, Wesley"]
[Black "Liang, Justin"]
[Result "1-0"]
[WhiteElo "2131"]
[BlackElo "1853"]
[PlyCount "47"]
[EventDate "2016.08.07"]
[EventType "swiss"]
[EventRounds "9"]
[EventCountry "CAN"]

1. e4 c5 2. Nf3 Nc6 3. Bb5 Qb6 4. Nc3 e6 5. O-O a6 6. Bxc6 Qxc6 7. d4 cxd4 8.
Nxd4 Qc7 9. a4 b6 10. Kh1 Bb7 11. f4 d6 12. Qe2 Ne7 13. Be3 d5 14. Rad1 Rd8 15.
e5 g6 16. Qf2 h5 17. Nxe6 fxe6 18. Bxb6 Qc8 19. Bxd8 Qxd8 20. Ne4 Nf5 21. Nf6+
Kf7 22. Rd3 d4 23. c3 Be4 24. Nxe4 1-0

[Event "NAYCC U12"]
[Site "Windsor CAN"]
[Date "2016.08.11"]
[Round "8.91"]
[White "Zhou, Aiden"]
[Black "Shen, Christopher"]
[Result "0-1"]
[WhiteElo "1777"]
[BlackElo "2161"]
[PlyCount "106"]
[EventDate "2016.08.07"]
[EventType "swiss"]
[EventRounds "9"]
[EventCountry "CAN"]

1. d4 d6 2. e4 g6 3. Nc3 Bg7 4. Nf3 Nf6 5. Be2 O-O 6. O-O Nbd7 7. h3 e5 8. Be3
exd4 9. Nxd4 Re8 10. Bf3 Nc5 11. Bg5 h6 12. Bxf6 Bxf6 13. Re1 c6 14. a4 Qb6 15.
b3 Nxb3 16. e5 Nxa1 17. exf6 Rxe1+ 18. Qxe1 Qd8 19. Qxa1 Qxf6 20. Ne4 Qe5 21.
Qd1 d5 22. Nc5 Qd6 23. Ncb3 Bd7 24. Qd2 Re8 25. Be2 c5 26. Nb5 Qe5 27. Bf1 b6
28. a5 Bxb5 29. Bxb5 Qe1+ 30. Qxe1 Rxe1+ 31. Kh2 Kf8 32. axb6 axb6 33. Kg3 Ke7
34. f3 c4 35. Nd4 Kd6 36. Kf2 Rd1 37. Ke3 Kc5 38. Be8 Rxd4 39. Bxf7 g5 40. g3
b5 41. f4 gxf4+ 42. gxf4 b4 43. Bg6 b3 44. cxb3 cxb3 45. f5 b2 46. f6 Rd1 47.
f7 Rf1 48. Kd2 Rxf7 49. Bb1 Rf1 50. Kc2 Kd4 51. Kxb2 Rxb1+ 52. Kxb1 Ke3 53. Kc1
Ke2 0-1

[Event "NAYCC U12"]
[Site "Windsor CAN"]
[Date "2016.08.11"]
[Round "8.92"]
[White "Shi, William"]
[Black "Idnani, Taran"]
[Result "0-1"]
[WhiteElo "1753"]
[BlackElo "1826"]
[PlyCount "148"]
[EventDate "2016.08.07"]
[EventType "swiss"]
[EventRounds "9"]
[EventCountry "CAN"]

1. e4 c6 2. d4 d5 3. e5 Bf5 4. Be3 e6 5. Be2 Nd7 6. Nd2 Bg6 7. Nf1 Ne7 8. Ng3
c5 9. f4 cxd4 10. Bxd4 Nc6 11. Be3 Bc5 12. Bxc5 Nxc5 13. Nf3 Qb6 14. Bd3 Qb4+
15. Qd2 Bxd3 16. cxd3 Nxd3+ 17. Ke2 Nxf4+ 18. Ke3 Qxd2+ 19. Kxd2 O-O 20. Rhg1
Ng6 21. Rae1 Rac8 22. h4 Rc7 23. h5 Nge7 24. Rc1 Rfc8 25. a3 Na5 26. Rxc7 Rxc7
27. Kd3 Nc4 28. b3 Nxa3 29. Nd4 Nc6 30. Nge2 Nxe5+ 31. Kd2 b5 32. Ra1 b4 33.
Ra2 Nc6 34. Nxc6 Rxc6 35. Nd4 Rc7 36. Ke3 e5 37. Nf3 f6 38. Ne1 Rc3+ 39. Kd2
Rxb3 40. Nd3 Nc4+ 41. Ke2 Ra3 42. Nxb4 Rxa2+ 43. Nxa2 Kf7 44. Nc3 Ke6 45. Nb5
a5 46. Nc7+ Kd6 47. Ne8+ Ke7 48. Nxg7 Nd6 49. Kd2 Kf7 50. h6 Kg6 51. Ne6 Kxh6
52. g4 Nc4+ 53. Kc2 Ne3+ 54. Kb3 Nxg4 55. Ka4 Kg6 56. Kxa5 h5 57. Nc5 h4 58.
Ne4 dxe4 59. Kb4 h3 60. Kc4 h2 61. Kd5 h1=Q 62. Kc6 Qd1 63. Kc5 Qd3 64. Kc6 Qd4
65. Kc7 Qd5 66. Kc8 Qd6 67. Kb7 Qc5 68. Kb8 Qc6 69. Ka7 Qb5 70. Ka8 Kf7 71. Ka7
Ke7 72. Ka8 Kd7 73. Ka7 Kc7 74. Ka8 Qa4# 0-1

[Event "NAYCC U12"]
[Site "Windsor CAN"]
[Date "2016.08.11"]
[Round "8.93"]
[White "Balderas, Adolfo"]
[Black "Tanaka, Tyler"]
[Result "1/2-1/2"]
[WhiteElo "1956"]
[BlackElo "1620"]
[PlyCount "64"]
[EventDate "2016.08.07"]
[EventType "swiss"]
[EventRounds "9"]
[EventCountry "CAN"]

1. e4 c5 2. Nf3 Nc6 3. d4 cxd4 4. Nxd4 g6 5. c4 Bg7 6. Nc2 d6 7. Be2 Nf6 8. Nc3
O-O 9. O-O a6 10. Be3 Be6 11. Rc1 Rc8 12. Qd2 Qa5 13. b3 Nd7 14. Nd4 Nxd4 15.
Bxd4 Bxd4 16. Qxd4 Qc5 17. Qxc5 Rxc5 18. Nd5 Bxd5 19. exd5 Nf6 20. Rfe1 Rfc8
21. Bf3 Kf8 22. Rcd1 b5 23. cxb5 axb5 24. a4 bxa4 25. bxa4 Ra5 26. Rd4 Rca8 27.
Ra1 Nd7 28. Rb4 Nc5 29. Bd1 Nd3 30. Rd4 Nc5 31. Rb4 Kg7 32. Kf1 Kf8 1/2-1/2

[Event "NAYCC U12"]
[Site "Windsor CAN"]
[Date "2016.08.11"]
[Round "8.94"]
[White "Idnani, Roshan"]
[Black "Singh, Hersh"]
[Result "1/2-1/2"]
[WhiteElo "1860"]
[BlackElo "1506"]
[PlyCount "119"]
[EventDate "2016.08.07"]
[EventType "swiss"]
[EventRounds "9"]
[EventCountry "CAN"]

1. Nf3 Nf6 2. g3 b5 3. Bg2 Bb7 4. O-O e6 5. d3 Be7 6. e4 O-O 7. Re1 c5 8. a4 a6
9. Bd2 Nc6 10. Nc3 b4 11. Ne2 d5 12. exd5 Nxd5 13. Nf4 Nxf4 14. Bxf4 Bf6 15.
Rb1 Qd7 16. Nd2 Nd4 17. Ne4 Be7 18. c3 Nc6 19. Be3 Ne5 20. Bxc5 Bxe4 21. Bxe4
Bxc5 22. d4 Rad8 23. dxc5 Qc7 24. Bxh7+ Kxh7 25. Qh5+ Kg8 26. Qxe5 Qc6 27. cxb4
Qxa4 28. Qc3 Rb8 29. Re4 a5 30. b3 Qa2 31. Rbe1 axb4 32. Rxb4 Qa5 33. Rc4 Qxc3
34. Rxc3 Rfc8 35. Re4 Kf8 36. Kf1 Ke7 37. Rd4 Rc6 38. Ke2 Rb5 39. b4 g6 40. Kd3
e5 41. Re4 f6 42. Kc4 Rb8 43. b5 Rc7 44. b6 Rxb6 45. Rh4 Ke6 46. Rh7 Rcc6 47.
Ra3 Rb2 48. Raa7 Rc2+ 49. Kd3 R2xc5 50. g4 Rc3+ 51. Ke2 Rc2+ 52. Kf1 Kd5 53.
Rad7+ Ke4 54. Rh6 Kf3 55. Rd3+ Kxg4 56. Rxg6+ Kf5 57. Rgg3 e4 58. Rd5+ Ke6 59.
Rd8 Ke7 60. Rd4 1/2-1/2

[Event "NAYCC U12"]
[Site "Windsor CAN"]
[Date "2016.08.11"]
[Round "8.95"]
[White "Tsay, Vincent"]
[Black "England, Max"]
[Result "1/2-1/2"]
[WhiteElo "1789"]
[BlackElo "1607"]
[PlyCount "154"]
[EventDate "2016.08.07"]
[EventType "swiss"]
[EventRounds "9"]
[EventCountry "CAN"]

1. d4 Nf6 2. Bf4 d5 3. e3 e6 4. Nd2 Bd6 5. Bg3 Bxg3 6. hxg3 Nbd7 7. Ngf3 c6 8.
Bd3 Qc7 9. e4 dxe4 10. Nxe4 Nxe4 11. Bxe4 Nf6 12. Bd3 b6 13. Qe2 Bb7 14. Ng5 h6
15. Ne4 Nxe4 16. Bxe4 O-O-O 17. O-O-O Kb8 18. Kb1 Rhe8 19. g4 e5 20. Qc4 exd4
21. Rxd4 Rxd4 22. Qxd4 c5 23. Qxg7 Bxe4 24. f3 Bg6 25. Qxh6 Qg3 26. Qd2 Qe5 27.
f4 Qd4 28. Qxd4 cxd4 29. f5 Bh7 30. Kc1 Bg8 31. f6 Re4 32. Rh4 Rf4 33. Kd2 Rxf6
34. Kd3 Rd6 35. g5 Rg6 36. Rh5 f6 37. gxf6 Rxf6 38. Kxd4 Rg6 39. a4 Rxg2 40.
Kc3 a6 41. a5 b5 42. Rh6 Ka7 43. Rd6 Rg7 44. Rd4 Bh7 45. Kb3 Rc7 46. c3 Bf5 47.
Kb4 Be6 48. b3 Rf7 49. Re4 Bd5 50. Rd4 Bc6 51. c4 Kb7 52. cxb5 Bxb5 53. Rh4 Rf6
54. Kc3 Kc6 55. Kb4 Rf5 56. Rd4 Be2 57. Re4 Bd3 58. Rd4 Rb5+ 59. Kc3 Bf5 60. b4
Re5 61. Rc4+ Kd6 62. Rc5 Re3+ 63. Kd4 Rd3+ 64. Kc4 Rf3 65. Rd5+ Ke6 66. Rd2 Ke5
67. b5 Be6+ 68. Kc5 Rc3+ 69. Kb6 axb5 70. Kxb5 Bd5 71. a6 Kd6 72. Rxd5+ Kxd5
73. a7 Ra3 74. Kb6 Kd6 75. Kb7 Rb3+ 76. Kc8 Rc3+ 77. Kb7 Rb3+ 1/2-1/2

[Event "NAYCC U12"]
[Site "Windsor CAN"]
[Date "2016.08.11"]
[Round "8.96"]
[White "Huang, Patrick"]
[Black "Lin, Benjamin"]
[Result "1/2-1/2"]
[WhiteElo "1973"]
[BlackElo "1716"]
[PlyCount "143"]
[EventDate "2016.08.07"]
[EventType "swiss"]
[EventRounds "9"]
[EventCountry "CAN"]

1. e4 c5 2. Nf3 e6 3. d4 cxd4 4. Nxd4 Nc6 5. Nc3 Qc7 6. Be2 a6 7. Be3 Nf6 8.
O-O Be7 9. f4 d6 10. Qe1 b5 11. Nxc6 Qxc6 12. e5 Nd5 13. Bf3 Bb7 14. Rd1 Qc7
15. Nxd5 exd5 16. Bxd5 Bxd5 17. Rxd5 dxe5 18. Rxe5 O-O 19. Qf2 Bf6 20. Rc5 Qd7
21. c3 Rac8 22. Rxc8 Rxc8 23. Qd2 Qe6 24. Rd1 Re8 25. Bc5 Qxa2 26. Qd7 Qe6 27.
g4 h6 28. Qxe6 Rxe6 29. Kf2 Be7 30. Bxe7 Rxe7 31. Rd6 Re4 32. Rxa6 Rxf4+ 33.
Kg3 Rc4 34. Rb6 Rc5 35. h3 Re5 36. Kf3 f6 37. b3 Kf7 38. c4 bxc4 39. bxc4 Rc5
40. Rb4 h5 41. Ke4 hxg4 42. hxg4 Rg5 43. Kf4 Rc5 44. Rb7+ Ke6 45. Rxg7 Rxc4+
46. Kf3 Rc5 47. Ra7 Rg5 48. Ra6+ Kf7 49. Kf4 Rb5 50. Ra7+ Kg6 51. Ra8 Rb4+ 52.
Kg3 Rb5 53. Kh4 Kf7 54. Ra7+ Kg6 55. Ra6 Rc5 56. Ra8 Kg7 57. Rd8 Rb5 58. Rd7+
Kg6 59. Re7 Rc5 60. Ra7 Rb5 61. Re7 Rc5 62. Ra7 Rb5 63. Re7 Rd5 64. Re1 Rb5 65.
Re8 Rc5 66. Rh8 Rb5 67. Rg8+ Kf7 68. Rh8 Kg6 69. Rg8+ Kf7 70. Rh8 Kg6 71. Rg8+
Kf7 72. Rh8 1/2-1/2

[Event "NAYCC U12"]
[Site "Windsor CAN"]
[Date "2016.08.11"]
[Round "8.97"]
[White "Somalwar, Anaiy"]
[Black "Huang, Qiuyu"]
[Result "1/2-1/2"]
[WhiteElo "1755"]
[BlackElo "1972"]
[PlyCount "167"]
[EventDate "2016.08.07"]
[EventType "swiss"]
[EventRounds "9"]
[EventCountry "CAN"]

1. d4 d5 2. c4 e6 3. Nc3 Nf6 4. Nf3 Nbd7 5. e3 c6 6. Bd3 dxc4 7. Bxc4 b5 8. Bd3
a6 9. O-O Be7 10. Bc2 O-O 11. e4 c5 12. e5 Nd5 13. Qd3 f5 14. Nxd5 exd5 15. Be3
c4 16. Qd2 Nb8 17. Bg5 Nc6 18. Bxe7 Qxe7 19. Ng5 Qb4 20. Qxb4 Nxb4 21. Bd1 h6
22. Nh3 f4 23. a3 Nc6 24. Bf3 Be6 25. Rad1 g5 26. g4 fxg3 27. fxg3 Rad8 28. Bg2
Rxf1+ 29. Bxf1 a5 30. Nf2 b4 31. axb4 axb4 32. Be2 c3 33. bxc3 bxc3 34. Kf1 c2
35. Rc1 Nxd4 36. Bd3 Rb8 37. Ke1 Rb2 38. Kd2 Nf3+ 39. Kc3 Rb8 40. Kxc2 Rc8+ 41.
Kd1 Rxc1+ 42. Kxc1 Nxe5 43. Be2 Bf5 44. Kd2 d4 45. h4 gxh4 46. gxh4 Ng6 47. h5
Nf4 48. Bg4 Bb1 49. Nh3 Nxh3 50. Bxh3 Kg7 51. Bg4 Kf6 52. Bd1 Kg5 53. Kc1 Ba2
54. Kd2 Bb1 55. Kc1 Be4 56. Kd2 Kf4 57. Ba4 Kg5 58. Be8 Bf5 59. Ke2 Kf6 60. Kd2
Ke7 61. Ba4 Kd6 62. Be8 Ke6 63. Ba4 Ke7 64. Bd1 Be4 65. Ba4 Kf7 66. Bd1 Bb1 67.
Ba4 Kf6 68. Be8 Ke5 69. Bf7 Bf5 70. Be8 Be6 71. Ba4 Bf7 72. Bd1 Be8 73. Kd3
Bb5+ 74. Kd2 Kf4 75. Bb3 Kg4 76. Bd1+ Kg5 77. Bf3 Bc4 78. Bd1 Bf7 79. Kd3 Bxh5
80. Ba4 Bf3 81. Kxd4 h5 82. Ke3 Kg4 83. Be8 h4 84. Bh5+ 1/2-1/2

[Event "NAYCC U12"]
[Site "Windsor CAN"]
[Date "2016.08.11"]
[Round "8.98"]
[White "Grabinsky, Joshua"]
[Black "McNutt, William"]
[Result "1/2-1/2"]
[WhiteElo "1704"]
[BlackElo "1875"]
[PlyCount "97"]
[EventDate "2016.08.07"]
[EventType "swiss"]
[EventRounds "9"]
[EventCountry "CAN"]

1. e4 e6 2. d4 d5 3. Nd2 Nf6 4. Bd3 c5 5. exd5 exd5 6. dxc5 Bxc5 7. Nb3 Bb6 8.
Qe2+ Qe7 9. Qxe7+ Kxe7 10. Nf3 Nc6 11. c3 Bg4 12. Nbd4 Rhe8 13. O-O Nxd4 14.
Nxd4 Bxd4 15. cxd4 Kf8 16. f3 Bh5 17. Bd2 Bg6 18. Bb5 Re6 19. Bb4+ Kg8 20. Bc3
a6 21. Ba4 b5 22. Bb3 a5 23. a4 b4 24. Bd2 Re2 25. Rf2 Rae8 26. Bd1 Rxf2 27.
Kxf2 Rc8 28. Rc1 Rxc1 29. Bxc1 Ne8 30. Bb3 Nc7 31. Bf4 Ne6 32. Ke3 Nxf4 33.
Kxf4 Kf8 34. Bxd5 Bc2 35. Bc6 Ke7 36. Ke5 Bb3 37. g4 f6+ 38. Ke4 Kd6 39. Be8
Ke7 40. Bb5 Kd6 41. f4 h6 42. h4 Bc2+ 43. Ke3 g5 44. fxg5 fxg5 45. hxg5 hxg5
46. Kd2 Bb3 47. Be8 Be6 48. Bh5 Bb3 49. Be8 1/2-1/2

[Event "NAYCC U12"]
[Site "Windsor CAN"]
[Date "2016.08.11"]
[Round "8.99"]
[White "Zheng, Victor"]
[Black "Doknjas, Neil"]
[Result "1-0"]
[WhiteElo "1852"]
[BlackElo "1693"]
[PlyCount "65"]
[EventDate "2016.08.07"]
[EventType "swiss"]
[EventRounds "9"]
[EventCountry "CAN"]

1. Nf3 d5 2. g3 Nf6 3. Bg2 c5 4. O-O Nc6 5. d4 e6 6. e3 Be7 7. dxc5 Bxc5 8. c4
dxc4 9. Qxd8+ Kxd8 10. Nbd2 c3 11. bxc3 Ke7 12. Nb3 Bb6 13. Ba3+ Ke8 14. Rfd1
Bd8 15. Nfd4 Nxd4 16. Nxd4 a6 17. Rab1 Nd5 18. Rd3 Be7 19. c4 Bxa3 20. Rxa3 e5
21. Nb5 Nb6 22. Nc7+ Kd7 23. Nxa8 Nxa8 24. Bxb7 Bxb7 25. Rxb7+ Kc6 26. Rxf7 Kc5
27. Rxa6 Kxc4 28. Rfa7 Rf8 29. Rxa8 Rf3 30. Kg2 e4 31. Ra4+ Kd3 32. Rxe4 Ke2
33. Rf4 1-0

[Event "NAYCC U12"]
[Site "Windsor CAN"]
[Date "2016.08.11"]
[Round "8.100"]
[White "Zhong, Wenxuan"]
[Black "Li, Si"]
[Result "1-0"]
[WhiteElo "1758"]
[BlackElo "1366"]
[PlyCount "87"]
[EventDate "2016.08.07"]
[EventType "swiss"]
[EventRounds "9"]
[EventCountry "CAN"]

1. e4 e5 2. Nf3 d5 3. exd5 e4 4. Qe2 Nf6 5. Nc3 Qe7 6. Ng5 Bg4 7. f3 exf3 8.
Nxf3 Qxe2+ 9. Bxe2 Bb4 10. Bb5+ Bd7 11. Bc4 O-O 12. O-O Re8 13. a3 Ba5 14. d3
Bg4 15. h3 Bxf3 16. Rxf3 Re1+ 17. Kf2 Rh1 18. Rb1 Nbd7 19. Be3 Rxb1 20. Nxb1
Ne5 21. Rf4 Nxc4 22. dxc4 b5 23. b4 Bxb4 24. axb4 bxc4 25. Nc3 a5 26. bxa5 Rxa5
27. Rxc4 Nxd5 28. Nxd5 Rxd5 29. Rxc7 Kf8 30. Kf3 Ra5 31. c4 Ke8 32. c5 Rb5 33.
Ra7 g6 34. h4 Rb4 35. g3 Rc4 36. Rc7 h5 37. Bg5 Rb4 38. c6 Rb3+ 39. Ke4 f5+ 40.
Kd4 Rxg3 41. Re7+ Kf8 42. c7 Rxg5 43. Rd7 Ke8 44. c8=Q# 1-0

[Event "NAYCC U12"]
[Site "Windsor CAN"]
[Date "2016.08.11"]
[Round "8.102"]
[White "Butchart, Kevin"]
[Black "Zhao, Jonathan"]
[Result "1-0"]
[WhiteElo "1083"]
[BlackElo "1650"]
[PlyCount "39"]
[EventDate "2016.08.07"]
[EventType "swiss"]
[EventRounds "9"]
[EventCountry "CAN"]

1. e4 d5 2. exd5 Qxd5 3. Nc3 Qa5 4. Nf3 Nf6 5. d4 Nc6 6. Bc4 Bg4 7. h3 Qh5 8.
Be2 O-O-O 9. O-O e5 10. hxg4 Nxg4 11. Bg5 f6 12. Bh4 Nxd4 13. Nxd4 Rxd4 14.
Bxg4+ Rxg4 15. Bg3 Qg6 16. Qd3 Qg5 17. Rad1 Bc5 18. Qd7+ Kb8 19. Qd8+ Rxd8 20.
Rxd8# 1-0

[Event "NAYCC U12"]
[Site "Windsor CAN"]
[Date "2016.08.11"]
[Round "8.103"]
[White "Omichi, Haruaki"]
[Black "Thirumalai, Atul"]
[Result "1-0"]
[WhiteElo "1071"]
[BlackElo "1543"]
[PlyCount "125"]
[EventDate "2016.08.07"]
[EventType "swiss"]
[EventRounds "9"]
[EventCountry "CAN"]

1. e4 c5 2. Nf3 d6 3. d4 cxd4 4. Nxd4 Nf6 5. Nc3 a6 6. Bg5 e6 7. f4 Be7 8. Qf3
Nbd7 9. O-O-O Qc7 10. Bd3 b5 11. a3 Bb7 12. Qg3 Nc5 13. Rhe1 Nxd3+ 14. Rxd3 g6
15. e5 dxe5 16. fxe5 Nd5 17. Bxe7 Qxe7 18. Ne4 O-O 19. Nd6 Rab8 20. Rf1 f6 21.
exf6 Nxf6 22. Re1 Nh5 23. Qe5 Bxg2 24. Nxe6 Nf4 25. Rg3 Nxe6 26. Rxg2 Rf6 27.
Rge2 Rbf8 28. Qd5 Rd8 29. Rxe6 Rxe6 30. Qxe6+ Qxe6 31. Rxe6 Kg7 32. Ne4 a5 33.
Re5 Rb8 34. Nd6 Kf6 35. Rxb5 Rxb5 36. Nxb5 Ke5 37. Kd2 Kf4 38. c4 Ke5 39. Ke3
h5 40. Nc3 Kd6 41. b4 axb4 42. axb4 g5 43. Ne2 g4 44. Ng3 h4 45. Nf5+ Kc6 46.
Nxh4 Kb6 47. Kd4 Kc6 48. b5+ Kb6 49. Kd5 Kc7 50. c5 Kb7 51. c6+ Kc7 52. b6+
Kxb6 53. Kd6 Kb5 54. c7 Kb4 55. c8=Q g3 56. hxg3 Kb5 57. Qc5+ Ka4 58. Qb6 Ka3
59. Qb5 Ka2 60. Kc5 Ka3 61. Kc4 Ka2 62. Kc3 Ka1 63. Qb2# 1-0

[Event "NAYCC U12"]
[Site "Windsor CAN"]
[Date "2016.08.11"]
[Round "8.104"]
[White "Li, Jack"]
[Black "Jeyakumar, Bhavatharshan"]
[Result "1/2-1/2"]
[WhiteElo "1511"]
[BlackElo "1390"]
[PlyCount "69"]
[EventDate "2016.08.07"]
[EventType "swiss"]
[EventRounds "9"]
[EventCountry "CAN"]

1. e4 c5 2. c3 d5 3. exd5 Qxd5 4. d4 Nc6 5. Nf3 Bg4 6. Be2 e6 7. h3 Bh5 8. O-O
Nf6 9. Be3 cxd4 10. Nxd4 Bxe2 11. Qxe2 Nxd4 12. Bxd4 Be7 13. Nd2 O-O 14. Nf3 h6
15. Rfd1 Qc6 16. Be3 Nd5 17. Rd2 Nxe3 18. Qxe3 Bc5 19. Qe2 Rad8 20. Rad1 Qb6
21. Ne5 Rxd2 22. Rxd2 Rd8 23. Nd7 Qc7 24. Nxc5 Rxd2 25. Qxd2 Qxc5 26. Qd8+ Kh7
27. Qd7 Qb6 28. Qxf7 Qxb2 29. Qxe6 Qxc3 30. Qe4+ Kh8 31. Qxb7 Qe1+ 32. Kh2 Qxf2
33. Qb8+ Kh7 34. a4 Qc5 35. Qb1+ 1/2-1/2

[Event "NAYCC U12"]
[Site "Windsor CAN"]
[Date "2016.08.11"]
[Round "8.105"]
[White "Nair, Siddhant"]
[Black "Bhanji, Areez"]
[Result "1-0"]
[WhiteElo "1825"]
[BlackElo "1135"]
[PlyCount "97"]
[EventDate "2016.08.07"]
[EventType "swiss"]
[EventRounds "9"]
[EventCountry "CAN"]

1. d4 Nf6 2. c4 e6 3. Nf3 b6 4. g3 Bb7 5. Bg2 Nc6 6. O-O Be7 7. a3 Na5 8. Qc2
O-O 9. b4 Nc6 10. Bb2 d5 11. Nbd2 a5 12. b5 Nb8 13. Rac1 Nbd7 14. Ne5 Nxe5 15.
dxe5 Nd7 16. cxd5 Nc5 17. dxe6 Bxg2 18. Kxg2 Nxe6 19. Rfd1 Qd5+ 20. Nf3 Qxb5
21. a4 Qe8 22. e3 Rc8 23. Nd4 Nc5 24. Ba3 Qxa4 25. Qxa4 Nxa4 26. Bxe7 Rfe8 27.
Nc6 Nc5 28. Bxc5 bxc5 29. Rxc5 a4 30. Ra1 Ra8 31. Rc4 h6 32. Rcxa4 Rxa4 33.
Rxa4 Re6 34. Rc4 Kh7 35. f4 Re8 36. Kf3 Re6 37. f5 Re8 38. Ke4 Ra8 39. e6 fxe6
40. fxe6 Re8 41. Ke5 Kg6 42. Rg4+ Kh7 43. e7 Kg8 44. Ke6 Kh7 45. Kf7 Rxe7+ 46.
Nxe7 g5 47. Rd4 c5 48. Rd8 h5 49. Ng6 1-0

[Event "NAYCC U12"]
[Site "Windsor CAN"]
[Date "2016.08.11"]
[Round "8.106"]
[White "Huang, Andrew"]
[Black "Shi, David"]
[Result "0-1"]
[WhiteElo "1754"]
[BlackElo "1309"]
[PlyCount "58"]
[EventDate "2016.08.07"]
[EventType "swiss"]
[EventRounds "9"]
[EventCountry "CAN"]

1. e4 c5 2. Nf3 d6 3. d4 cxd4 4. Nxd4 Nf6 5. Nc3 e6 6. Bg5 a6 7. Be2 Be7 8. O-O
O-O 9. Qd2 b5 10. a3 Bb7 11. Bf3 Nbd7 12. Nb3 Qc7 13. Rfe1 Ne5 14. Qf4 h6 15.
Bxh6 Ng6 16. Qd2 gxh6 17. Qxh6 Rfd8 18. Bh5 Nxh5 19. Qxh5 Kg7 20. Qg4 Rh8 21.
g3 Qc6 22. f4 Kf8 23. Na5 Qc5+ 24. Kg2 Kg7 25. Nxb7 Rxh2+ 26. Kxh2 Qf2+ 27. Kh3
Rh8+ 28. Qh4 Bxh4 29. gxh4 Rxh4# 0-1

[Event "NAYCC U12"]
[Site "Windsor CAN"]
[Date "2016.08.11"]
[Round "8.107"]
[White "Yeung, Wesley"]
[Black "Hawthorn, Henry"]
[Result "1/2-1/2"]
[WhiteElo "1515"]
[BlackElo "1486"]
[PlyCount "25"]
[EventDate "2016.08.07"]
[EventType "swiss"]
[EventRounds "9"]
[EventCountry "CAN"]

1. e4 c5 2. Nf3 e6 3. d4 cxd4 4. Nxd4 a6 5. Be2 Nf6 6. Nc3 Qc7 7. O-O d6 8. Be3
Nbd7 9. f4 b5 10. Bf3 Bb7 11. a3 Be7 12. Kh1 O-O 13. Qe1 1/2-1/2

[Event "NAYCC U12"]
[Site "Windsor CAN"]
[Date "2016.08.11"]
[Round "8.108"]
[White "Damarla, Rishi"]
[Black "Boyd, Alexander"]
[Result "1-0"]
[WhiteElo "1065"]
[BlackElo "1247"]
[PlyCount "99"]
[EventDate "2016.08.07"]
[EventType "swiss"]
[EventRounds "9"]
[EventCountry "CAN"]

1. e4 c5 2. Nf3 d6 3. d4 cxd4 4. Nxd4 Nf6 5. Nc3 g6 6. Be2 Bg7 7. Be3 O-O 8.
O-O Nc6 9. h3 Ne8 10. Nxc6 bxc6 11. Qd2 Bb7 12. Rad1 c5 13. Bf3 Nf6 14. Qd3 Qc7
15. Rfe1 c4 16. Qd2 a6 17. Bh6 Qd7 18. Bxg7 Kxg7 19. Re3 Rab8 20. e5 Bxf3 21.
exf6+ Kxf6 22. Rxf3+ Kg7 23. Qd4+ Kg8 24. b3 Rfc8 25. Qf4 Qf5 26. Qxf5 gxf5 27.
bxc4 Rxc4 28. Rdd3 Rb2 29. Rxf5 Rxc2 30. Rg3+ Kf8 31. Rff3 Rb4 32. Rg4 Rxg4 33.
hxg4 e6 34. Ne4 d5 35. Ng5 h6 36. Nxe6+ Ke7 37. Nf4 Rc1+ 38. Kh2 d4 39. Rd3 Rc2
40. Rxd4 Rxf2 41. a4 Kf6 42. Rb4 Kg5 43. Nh3+ Kf6 44. Nxf2 Ke5 45. Rb6 Kd5 46.
Rxa6 Kc5 47. Ra8 Kb4 48. a5 Kb5 49. a6 Kb6 50. Rf8 1-0

[Event "NAYCC U12"]
[Site "Windsor CAN"]
[Date "2016.08.11"]
[Round "8.109"]
[White "Nath, Naveen"]
[Black "Renard, Christopher"]
[Result "1-0"]
[WhiteElo "1481"]
[BlackElo "799"]
[PlyCount "55"]
[EventDate "2016.08.07"]
[EventType "swiss"]
[EventRounds "9"]
[EventCountry "CAN"]

1. e4 e5 2. Nf3 Nc6 3. Bb5 a6 4. Ba4 Bc5 5. O-O d6 6. d3 h6 7. h3 Qf6 8. Nc3
Nge7 9. Be3 Qg6 10. Kh2 Bxe3 11. fxe3 b5 12. Bb3 O-O 13. Nd5 Nxd5 14. Bxd5 Bb7
15. Nh4 Qg5 16. Qg4 Qxg4 17. hxg4 Nd8 18. Nf5 Bxd5 19. exd5 Re8 20. e4 g6 21.
Nh4 c6 22. Rf6 cxd5 23. Rxd6 d4 24. Rf1 g5 25. Nf5 Kh7 26. Rxh6+ Kg8 27. Nd6
Ra7 28. Nxe8 1-0

[Event "NAYCC U12"]
[Site "Windsor CAN"]
[Date "2016.08.11"]
[Round "8.110"]
[White "Xing, Kun"]
[Black "Laurrabaquio Ramirez, Bryan Rica"]
[Result "0-1"]
[WhiteElo "880"]
[BlackElo "1480"]
[PlyCount "58"]
[EventDate "2016.08.07"]
[EventType "swiss"]
[EventRounds "9"]
[EventCountry "CAN"]

1. e4 e5 2. Nf3 Nc6 3. Bc4 Bc5 4. Nc3 Nf6 5. Nd5 Nxe4 6. O-O Nd6 7. Bb3 O-O 8.
Re1 e4 9. d4 exf3 10. dxc5 Nb5 11. Qxf3 Nbd4 12. Qd3 Nxb3 13. Qxb3 d6 14. cxd6
Qxd6 15. Bf4 Qf6 16. Nxc7 Be6 17. Nxe6 fxe6 18. Rxe6 Qf7 19. Be3 Na5 20. Qd5
Rad8 21. Qe4 Nc6 22. c3 Rd7 23. Rxc6 bxc6 24. Qxc6 Rfd8 25. Rf1 Rd1 26. Bxa7
Qxa2 27. Be3 Rxf1+ 28. Kxf1 Qb1+ 29. Ke2 Qd1# 0-1